• 首页
  • 本馆介绍
  • 公告通知
  • 最新文献
  • 馆藏检索
  • 电子资源
  • 读者导购
  • 参考咨询
  • 我的图书馆
  • 登录
  • 详细信息显示
  • 放入我的书架
  • 预约/预借图书
  • 作者相关作品
  • 分类相关作品
  • 丛书相关作品
  • 出版社相关作品

书目信息

  • 表格格式
  • 工作单格式
  • 卡片格式
题名:
农村文化的建设与管理
    
 
作者: 王传真
分册:  
出版信息: 银川   宁夏人民出版  1999
页数: 246
开本: 19cm
丛书名: 有中国特色社会主义文化理论建设丛书
单 册:
中图分类: G12
科图分类:
主题词: 文化事业--中国
电子资源:
ISBN: 7-227-01970-5
000 00625nam0 2200205 450
001 0734081268
005 20071007092801.28
010    @a7-227-01970-5
100    @a20071007d km y0chiy0120 ea
101 0  @achi
200 1  @a农村文化的建设与管理@Anong cun wen hua de jian she yu guan li@f王传真@Fwang chuan zhen
210    @a银川@c宁夏人民出版@d1999
215    @a246@d19cm
225 2  @a有中国特色社会主义文化理论建设丛书
410  0 @12001 @a有中国特色社会主义文化理论建设丛书
606 0  @a文化事业@x中国
690    @aG12@v3
701  0 @a王传真@Awang chuan zhen
801  0 @aCN@bPFT@c20071007
905    @a213230@dG12@ea12@f1
    
    农村文化的建设与管理/王传真.-银川:宁夏人民出版,1999
    246;19cm.-(有中国特色社会主义文化理论建设丛书)
    
    
    ISBN 7-227-01970-5:
    
●
相关链接 在E读中查询图书 在五车中查询图书 在当当中查询图书 在豆瓣中查询图书


正题名:农村文化的建设与管理     索取号:G12/a12         预约/预借

序号 登录号 条形码 馆藏地/架位号 状态 备注
1 7509573   275095736   密集书库-史法系/ [索取号:G12/a12] 在馆    
唐山师范学院图书馆 欢迎您!
大连网信软件有限公司© 版权所有